000 02159cam a2200577 a 4500
001 20552
003 VRT
005 20260126121050.0
008 220512s1956 xo g h 000 jaslo
020 _q(viazané)
035 _aurn:nbn:sk:snk-am00drvj
035 _aurn:nbn:sk:snk-am3i7bv
035 _a3D05985C-046A-4C65-AAAC-1168C99F30E0
039 9 _a202205120807
_bVLOAD
_c202006120841
_dVLOAD
_c202004020802
_dVLOAD
_c201908301120
_dmsnk123
040 _aSNK
_bslo
_aSNK
_eAACR2
041 1 _aslo
_hukr
044 _axo
_cSK
072 7 _a821.16
_xSlovanské literatúry
_2konspekt
072 7 _a929
_xBiografie
_2konspekt
080 _a821.161.2-32
_22001
080 _a(0:82-322.6)
_22001
080 _a929
_22001
080 _a(0:82-94)
_22011
100 1 _aFranko, Ivan Jakovyč,
_d1856-1916
_4aut
240 1 0 _aTvory v dvadciaty tomach
_lSlovensky
245 1 0 _aObrázky z Haliče
_cIvan Franko ; [z ukrajinského originálu preložili Marta Ličková, Pavel Ličko, Karol Rypáček]
250 _a1. vydanie
260 _aBratislava
_bSlovenské vydavateľstvo krásnej literatúry
_c1956
300 _a564 s.
_c21 cm
366 _e2750 kusov
490 1 _aEdícia svetových klasikov
_vzv. 70
490 1 _aIvan Franko, výber z diela v 5. zväzkoch
_vzv. 2
500 _aObsahuje biografické údaje o autorovi
500 _aPoznámky
504 _aBibliografické poznámky na strane 561-564
600 1 7 _aFranko, Ivan Jakovyč,
_d1856-1916
_2SNKMA
655 7 _aukrajinské poviedky
_2SNKPH
655 7 _aautobiografické spomienky
_2SNKPH
700 1 _aLičková, Marta,
_d1926-
_4trl
700 1 _aLičko, Pavel,
_d1922-1988
_4trl
700 1 _aRypáček, Karel V.,
_d1885-1957
_4trl
830 0 _aEdícia svetových klasikov
830 0 _aIvan Franko, výber z diela v 5. zväzkoch
910 _asnk
942 _2ddc
_cKLDO
_n0
949 _6270001000511965
_asvkbbS 12791
_bsvkbbm 36960
949 _617A0466632
_asnkSC 9081/2 D1
_bsnkKSP 122/57
949 _617A0592211
_asnkSC 9081/2
_bsnkKSP 121/57
_s6100:20190821
949 _6273K0355530
_asvkpoA 19691
_bsvkpo46724
949 _6273K0355531
_asvkpoA 19691a
_bsvkpo76204
999 _c20552
_d20552